Le chaudron de la sorcière : et autres histoires mystérieuses /
Saved in:
| Main Author: | |
|---|---|
| Format: | Book |
| Language: | French |
| Published: |
Monaco :
Rocher,
c2000.
|
| Series: | Mystères des provinces.
|
| Subjects: | |
| Tags: |
Add Tag
No Tags, Be the first to tag this record!
|
| LEADER | 00889nam a2200301 a 4500 | ||
|---|---|---|---|
| 001 | 008334902-2 | ||
| 005 | 20020606104010.5 | ||
| 008 | 000119s2000 mc 000 0 fre d | ||
| 020 | |a 2268034003 | ||
| 035 | 0 | |a ocm43446293 | |
| 035 | 0 | |a ocn237777746 | |
| 035 | 1 | |a NYPGR43446293 | |
| 040 | |a *TZT* |b fre |c *TZT* |d NN |d CStRLIN | ||
| 043 | |a e-fr--- | ||
| 050 | 4 | |a GR162.P628 |b S69 2000 | |
| 072 | 7 | |a PQ |2 lcco | |
| 082 | 1 | 4 | |a 843 |2 1 |
| 100 | 1 | |a Soyez, Jean Marc. | |
| 245 | 1 | 3 | |a Le chaudron de la sorcière : |b et autres histoires mystérieuses / |c Jean-Marc Soyez. |
| 260 | |a Monaco : |b Rocher, |c c2000. | ||
| 300 | |a 136 p. ; |c 23 cm. | ||
| 490 | 1 | |a Mystères des provinces | |
| 650 | 0 | |a Folklore |z France |z Poitou-Charentes. | |
| 650 | 0 | |a Tales |z France |z Poitou-Charentes. | |
| 650 | 0 | |a Magic |z France |z Poitou-Charentes. | |
| 830 | 0 | |a Mystères des provinces. | |
| 988 | |a 20020608 | ||
| 906 | |0 RLIN | ||


